Library Banner

Islami tasawwaf mein gher islami nazaryat ki aamezish = اسلامی تصوف میں غیر اسلامی نظریات کی آمیزش / (Record no. 133300)

MARC details
000 -LEADER
fixed length control field 00561nam a22001457a 4500
005 - DATE AND TIME OF LATEST TRANSACTION
control field 20240130112735.0
008 - FIXED-LENGTH DATA ELEMENTS--GENERAL INFORMATION
fixed length control field 240130b ||||| |||| 00| 0 eng d
040 ## - CATALOGING SOURCE
Transcribing agency PK-LaUMT
082 ## - DEWEY DECIMAL CLASSIFICATION NUMBER
Classification number APC 297.4
Item number YUS-I
100 ## - MAIN ENTRY--PERSONAL NAME
Personal name Yusuf Saleem Chishti = یوسف سلیم چشتی
245 ## - TITLE STATEMENT
Title Islami tasawwaf mein gher islami nazaryat ki aamezish = اسلامی تصوف میں غیر اسلامی نظریات کی آمیزش /
Statement of responsibility, etc by Yusuf Saleem Chishti = یوسف سلیم چشتی
260 ## - PUBLICATION, DISTRIBUTION, ETC. (IMPRINT)
Place of publication, distribution, etc Lahore :
Name of publisher, distributor, etc Mahmood Academy,
Date of publication, distribution, etc 1997
300 ## - PHYSICAL DESCRIPTION
Extent 128 p.
942 ## - ADDED ENTRY ELEMENTS (KOHA)
Koha item type Books
Holdings
Withdrawn status Lost status Damaged status Home library Current library Date acquired Full call number Barcode Date last seen Price effective from Koha item type
      UMT Main Campus UMT Main Campus 2024-01-30 APC 297.4 YUS-I 146881 2024-01-30 2024-01-30 Books